[Event "FH 6"]
[Site "SchemingMind.com"]
[Date "2022.08.03"]
[Round "-"]
[White "Chessibelle"]
[Black "Phillip Beckett"]
[Result "1-0"]
[WhiteCountry "ENG"]
[BlackCountry "ENG"]
[WhiteElo "1131"]
[WhiteRD "69"]
[BlackElo "1490"]
[BlackRD "55"]
[GameID "725713"]

1. Nf3 Nf6 2. d4 d5 3. e3 e6 4. Bd2 c5 5. g3 Nc6 6. b3 cxd4 7. exd4 Ne4 8. Bc1 Bb4+ 9. Nfd2 Nxd2 10. Nxd2 Bc3
11. Rb1 Nxd4 12. Bg2 Qa5 13. O-O b6 14. a3 Bd7 15. Nf3 Nxf3+ 16. Qxf3 Bf6 17. Rd1 O-O 18. Bf1 Bc6 19. Qe3 Qc5 20. Qd2 Rad8
21. Bd3 Bd4 22. Rf1 Qc3 23. Qd1 Qc5 24. Qf3 Bf6 25. Qh5 g6 26. Qf3 Bg7 27. b4 Qe7 28. h4 Bb7 29. Bg5 f6 30. Bc1 e5
31. Bb5 e4 32. Qd1 a6 33. Ba4 b5 34. Bb3 Kh8 35. c3 f5 36. Bg5 Bf6 37. Qd2 Bxg5 38. hxg5 Qe5 39. Qe3 f4 40. Qd2 fxg3
41. Kg2 gxf2 42. Rxf2 Rxf2+ 43. Qxf2 Qxg5+ 44. Kf1 Bc8 45. Ke1 e3 46. Qf1 Qg3+ 47. Ke2 Qg4+ 48. Ke1 e2 49. Qf6+ Kg8 50. Qxd8+ Kg7
51. Bxd5 Qg3+ 52. Kxe2 Bg4+ 53. Kd2 Qf2+ 54. Kd3 Qe2+ 55. Kd4 Qd2+ 56. Ke5 Qxc3+ 57. Kd6 Qg3+ 58. Kc6 Qc3+ 59. Kb6 Qd4+ 60. Ka5 Qd3
61. Qg8+ Kh6 62. Rh1+ Bh5 63. Qf8+ Kg5 64. Rg1+ Bg4 65. Qe7+ Kh6 66. Rxg4 Qxa3+ 67. Kb6
1-0

[Event "FH 6"]
[Site "SchemingMind.com"]
[Date "2022.08.03"]
[Round "-"]
[White "Phillip Beckett"]
[Black "JAHI"]
[Result "0-1"]
[WhiteCountry "ENG"]
[BlackCountry "INT"]
[WhiteElo "1530"]
[WhiteRD "57"]
[BlackElo "2157"]
[BlackRD "69"]
[GameID "725714"]

1. e4 a6 2. d4 g6 3. Nf3 Bg7 4. Nc3 Kf8 5. Be2 d6 6. O-O Bg4 7. h3 Bxf3 8. Bxf3 Nd7 9. Be3 e6 10. g3 h6
11. Bg2 h5 12. Qd2 h4 13. g4 Ne7 14. f4 Kg8 15. f5 e5 16. fxg6 Nxg6 17. dxe5 Bxe5 18. Qd5 Qe8 19. Bd4 c6 20. Qc4 Nf4
21. Rxf4 Bxf4 22. Rf1 Be5 23. Ne2 Qe6 24. Qxe6 fxe6 25. Bxe5 dxe5 26. Kh2 Rf8 27. Rxf8+ Nxf8 28. Ng1 Kg7 29. Nf3 Ng6 30. Ng5 Kf6
31. Nf3 Rd8 32. Bf1 Rd1 33. Kg2 Ra1 34. a3 Ra2 35. Bd3 Rxb2 36. Nd2 Nf4+ 37. Kh2 Nxd3
0-1

[Event "FH 6"]
[Site "SchemingMind.com"]
[Date "2022.08.05"]
[Round "-"]
[White "Arnold Jones"]
[Black "Phillip Beckett"]
[Result "0-1"]
[WhiteCountry "ENG"]
[BlackCountry "ENG"]
[WhiteElo "1582"]
[WhiteRD "59"]
[BlackElo "1490"]
[BlackRD "55"]
[GameID "725715"]

1. d4 d5 2. g3 Nf6 3. Nc3 e6 4. Bg2 c5 5. Nf3 Nc6 6. Bg5 Be7 7. Bxf6 Bxf6 8. O-O cxd4 9. Na4 O-O 10. a3 e5
11. Nd2 Be6 12. Nc5 b6 13. Nxe6 fxe6 14. Bh3 Qe7 15. b4 e4 16. Nb3 d3 17. Ra2 dxe2 18. Qxe2 Nd4 19. Nxd4 Bxd4 20. Rd1 e5
21. Qb5 Qf6 22. Qxd5+ Kh8 23. c4 Bxf2+ 24. Kg2 Rad8 25. Bd7 Qf3+ 26. Kh3 Rf6 27. Kh4 Rh6+
0-1

[Event "FH 6"]
[Site "SchemingMind.com"]
[Date "2022.08.03"]
[Round "-"]
[White "Phillip Beckett"]
[Black "Mahlon Miller"]
[Result "1-0"]
[WhiteCountry "ENG"]
[BlackCountry "USA"]
[WhiteElo "1518"]
[WhiteRD "55"]
[BlackElo "1000"]
[BlackRD "147"]
[GameID "725716"]

1. e4 d6 2. d4 Nf6 3. Nc3 g6 4. Nf3 Bg7 5. Be2 d5 6. e5 Nfd7 7. O-O f6 8. exf6 Nxf6 9. Ne5 O-O 10. Bg5 h6
11. Be3 Nc6 12. Nxg6
1-0

[Event "FH 6"]
[Site "SchemingMind.com"]
[Date "2022.08.05"]
[Round "-"]
[White "malcolm chugg"]
[Black "Arnold Jones"]
[Result "0-1"]
[WhiteCountry "WLS"]
[BlackCountry "ENG"]
[WhiteElo "1215"]
[WhiteRD "55"]
[BlackElo "1582"]
[BlackRD "59"]
[GameID "725717"]

1. e3 e5 2. Nc3 Nf6 3. Nf3 e4 4. Nd4 c5 5. Nde2 d5 6. d4 exd3 7. cxd3 Bd7 8. Nf4 Bc6 9. Qb3 Be7 10. Be2 b6
11. O-O O-O 12. Rd1 d4 13. Nb1 Qd7 14. e4 Ba4 15. Qc4 b5
0-1

[Event "FH 6"]
[Site "SchemingMind.com"]
[Date "2022.08.05"]
[Round "-"]
[White "Kenny Elliott"]
[Black "Transcendent"]
[Result "0-1"]
[WhiteCountry "USA"]
[BlackCountry "ENG"]
[WhiteElo "1527"]
[WhiteRD "68"]
[BlackElo "2119"]
[BlackRD "74"]
[GameID "725718"]

1. d4 d5 2. Nf3 Nf6 3. Nc3 Bf5 4. Bf4 e6 5. e3 Bb4 6. Bd3 O-O 7. O-O Bxd3 8. Qxd3 c5 9. dxc5 Nbd7 10. a3 Nxc5
11. Qd4 Bxc3 12. Qxc3 Nfe4 13. Qe1 Rc8 14. Rc1 Re8 15. b4 Na4 16. Nd2 Nxd2 17. Qxd2 e5 18. Bg3 Nc3 19. f4 exf4 20. Bxf4 Rc4
21. Qf2 Ne4 22. Qe1 Qb6 23. Qd1 Nc3 24. Qg4 Rxf4 25. Rxf4 Qxe3+ 26. Rf2 Qxc1+ 27. Rf1 Qe3+ 28. Kh1 Ne4 29. Qf5 Nf6 30. h3 Qxa3
31. Rf3 Qxb4 32. Rb3 Qe1+ 33. Kh2 b6 34. Qd3 Qe5+ 35. Kh1 Ne4 36. Qa6 Nc5
0-1

[Event "FH 6"]
[Site "SchemingMind.com"]
[Date "2022.08.05"]
[Round "-"]
[White "Derek Price"]
[Black "Transcendent"]
[Result "1/2-1/2"]
[WhiteCountry "ENG"]
[BlackCountry "ENG"]
[WhiteElo "2375"]
[WhiteRD "69"]
[BlackElo "2178"]
[BlackRD "68"]
[GameID "725719"]

1. c4 e5 2. Nc3 Bb4 3. Nd5 Bc5 4. Nf3 c6 5. Nc3 Qe7 6. d3 Nf6 7. e3 O-O 8. Nxe5 Qxe5 9. d4 Bxd4 10. Qxd4 Qxd4
11. exd4 Re8+ 12. Be3 d5 13. cxd5 cxd5 14. Bd3 Nc6 15. O-O Nb4 16. Bb1 Be6 17. a3 Nc6 18. Bd3 Na5=
1/2-1/2

[Event "FH 6"]
[Site "SchemingMind.com"]
[Date "2022.08.06"]
[Round "-"]
[White "Transcendent"]
[Black "malcolm chugg"]
[Result "1-0"]
[WhiteCountry "ENG"]
[BlackCountry "WLS"]
[WhiteElo "2171"]
[WhiteRD "74"]
[BlackElo "1176"]
[BlackRD "50"]
[GameID "725721"]

1. Nf3 d5 2. e3 Nf6 3. c4 e6 4. b3 Bb4 5. Bb2 h6 6. a3 Bd6 7. Nc3 a6 8. d4 Nc6 9. c5 Be7 10. Qc2 g5
11. h3 b6 12. b4 b5 13. Ne5 Bb7 14. Bd3 Nxe5 15. dxe5 Nd7 16. O-O Nxe5 17. Rad1 Bc6 18. Ne2 Bf6 19. Nd4 Qd7 20. Nxc6 Nxc6
21. Bxf6 e5 22. Bxh8 O-O-O 23. Bf5 Qxf5 24. Qxf5+ Kb7 25. Bxe5
1-0

[Event "FH 6"]
[Site "SchemingMind.com"]
[Date "2022.08.06"]
[Round "-"]
[White "Transcendent"]
[Black "krzysztof"]
[Result "1-0"]
[WhiteCountry "ENG"]
[BlackCountry "POL"]
[WhiteElo "2119"]
[WhiteRD "74"]
[BlackElo "1535"]
[BlackRD "104"]
[GameID "725722"]

1. d4 d5 2. c4 dxc4 3. e4 b5 4. a4 Ba6 5. axb5 Bxb5 6. Na3 c6 7. Bxc4 Bxc4 8. Nxc4 Nd7 9. Nf3 e6 10. O-O Nb6
11. Qb3 Nxc4 12. Qxc4 Ne7 13. Ne5 Rc8 14. Rxa7 Rc7 15. Rxc7 Qxc7 16. Bf4 g5 17. Bxg5 Bg7 18. Bxe7 Bxe5 19. dxe5 Kxe7 20. Qc5+ Ke8
21. Ra1 Kd7 22. Ra7 Rc8 23. Rxc7+ Rxc7 24. f4 Ke8 25. f5 exf5 26. exf5 Kd7 27. Qd6+ Kc8 28. e6 fxe6 29. fxe6 c5 30. e7
1-0

[Event "FH 6"]
[Site "SchemingMind.com"]
[Date "2022.08.06"]
[Round "-"]
[White "Transcendent"]
[Black "Chessibelle"]
[Result "1-0"]
[WhiteCountry "ENG"]
[BlackCountry "ENG"]
[WhiteElo "2178"]
[WhiteRD "68"]
[BlackElo "1087"]
[BlackRD "61"]
[GameID "725723"]

1. d4 d5 2. c4 Nf6 3. cxd5 Nxd5 4. Nf3 h6 5. e4 Nf6 6. Nc3 e6 7. Bc4 Be7 8. O-O b6 9. Re1 Bb7 10. Qc2 O-O
11. e5 Nh7 12. Be3 Kh8 13. Rad1 c6 14. Bd3 g6 15. Bxh6 Rg8 16. Ne4 Qc7 17. Qd2 Nd7 18. Neg5 c5 19. Nxf7#
1-0

[Event "FH 6"]
[Site "SchemingMind.com"]
[Date "2022.08.05"]
[Round "-"]
[White "JAHI"]
[Black "Transcendent"]
[Result "1-0"]
[WhiteCountry "INT"]
[BlackCountry "ENG"]
[WhiteElo "2205"]
[WhiteRD "67"]
[BlackElo "2119"]
[BlackRD "74"]
[GameID "725724"]

1. f3 d5 2. f4 Nf6 3. Nf3 c5 4. g3 Nc6 5. Bg2 Bf5 6. Kf1 e6 7. d3 Be7 8. e3 O-O 9. Nc3 Rc8 10. h3 Bg6
11. g4 h6 12. Ne2 Re8 13. a3 Qc7 14. Rh2 b5 15. Kg1 a6 16. Kh1 Bd6 17. Bf1 Bh7 18. Rf2 c4 19. Ned4 Nxd4 20. Nxd4 e5
21. fxe5 Bxe5 22. Bd2 Nd7 23. Rb1 Qb6 24. Qf3 Nf6 25. Rd1 a5 26. Bc1 b4 27. axb4 axb4 28. Nf5 b3 29. c3 Rcd8 30. Qg2 Bxf5
31. gxf5 cxd3 32. Bxd3 Ne4 33. Bxe4
1-0

[Event "FH 6"]
[Site "SchemingMind.com"]
[Date "2022.08.06"]
[Round "-"]
[White "Transcendent"]
[Black "Arnold Jones"]
[Result "1-0"]
[WhiteCountry "ENG"]
[BlackCountry "ENG"]
[WhiteElo "2119"]
[WhiteRD "74"]
[BlackElo "1540"]
[BlackRD "63"]
[GameID "725725"]

1. d4 Nf6 2. c4 d6 3. g3 c6 4. Bg2 d5 5. Nf3 dxc4 6. Ne5 Be6 7. O-O Bd5 8. f3 b5 9. e4 Be6 10. Be3 g6
11. Nc3 b4 12. Na4 a5 13. Nc5 Qc8 14. Nxe6 Qxe6 15. f4 Qc8 16. Nxc4 Nfd7 17. Rc1 Bg7 18. e5 O-O 19. h4 Qb7 20. Qf3 f5
21. Rfd1 Rc8 22. h5 Nf8 23. g4 Qb5 24. hxg6 fxg4 25. gxh7+ Kh8 26. Qxg4 Ra6 27. Qxc8 Kxh7 28. Qf5+ Kg8 29. b3 e6 30. Qg5 a4
31. Nd6 Qb6 32. f5 exf5 33. Nxf5 Qc7 34. Qe7 Qxe7 35. Nxe7+ Kf7 36. Nxc6 axb3 37. axb3 Nxc6 38. Rxc6 Rxc6 39. Bxc6 Ng6 40. Be4
1-0

[Event "FH 6"]
[Site "SchemingMind.com"]
[Date "2022.08.05"]
[Round "-"]
[White "Mahlon Miller"]
[Black "Transcendent"]
[Result "0-1"]
[WhiteCountry "USA"]
[BlackCountry "ENG"]
[WhiteElo "998"]
[WhiteRD "152"]
[BlackElo "2171"]
[BlackRD "74"]
[GameID "725726"]

1. e4 e6 2. d4 d5 3. e5 c5 4. Nc3 cxd4 5. Qxd4 Nc6 6. Qf4 Nge7 7. Nf3 Ng6 8. Ng5 Nxf4 9. Bxf4 Nxe5 10. Bb5+ Nc6
11. O-O Be7 12. Nf3 O-O 13. Bd3 Bf6
0-1

[Event "FH 6"]
[Site "SchemingMind.com"]
[Date "2022.08.03"]
[Round "-"]
[White "kenneth m day"]
[Black "Kenny Elliott"]
[Result "0-1"]
[WhiteCountry "USA"]
[BlackCountry "USA"]
[WhiteElo "1608"]
[WhiteRD "61"]
[BlackElo "1556"]
[BlackRD "71"]
[GameID "725727"]

1. e4 c5 2. d4 e6 3. Nf3 d6 4. dxc5 e5 5. Bc4 Bg4 6. O-O Nc6 7. Bxf7+ Kxf7 8. Ng5+ Ke8 9. Qxg4 Nf6 10. Qf3 Qa5
11. cxd6 Bxd6 12. Bd2 Qb5 13. Bc3 Bb4 14. Nd2 Rd8 15. Nb3 Ke7 16. Rfe1 h6 17. Nh3 a5 18. Qe2 Qb6 19. Bxb4+ Nxb4 20. a3 Nc6
21. Kf1 Nd4 22. Nxd4 Rxd4 23. f3 Rhd8 24. Nf2 Rd2 25. Qc4 Qxf2#
0-1

[Event "FH 6"]
[Site "SchemingMind.com"]
[Date "2022.08.03"]
[Round "-"]
[White "kenneth m day"]
[Black "Derek Price"]
[Result "0-1"]
[WhiteCountry "USA"]
[BlackCountry "ENG"]
[WhiteElo "1566"]
[WhiteRD "65"]
[BlackElo "2375"]
[BlackRD "69"]
[GameID "725728"]

1. e4 c5 2. d4 cxd4 3. c3 Nf6 4. e5 Nd5 5. Bc4 Qc7 6. Qe2 Nb6 7. Bb3 Nc6 8. Nf3 d5 9. cxd4 Nxd4 10. Qe3 Nxf3+
11. gxf3 e6 12. Bd2 Bd7 13. Nc3 Nc4 14. Bxc4 Qxc4 15. Qe2 Rc8 16. Qxc4 Rxc4 17. O-O f6 18. Rac1 fxe5 19. Rfe1 Be7 20. Rxe5 O-O
21. Kg2 Bd6 22. Ree1 Rh4 23. Rh1 Bc6 24. Ne2 d4 25. Ng3 Bxf3+
0-1

[Event "FH 6"]
[Site "SchemingMind.com"]
[Date "2022.08.03"]
[Round "-"]
[White "malcolm chugg"]
[Black "kenneth m day"]
[Result "0-1"]
[WhiteCountry "WLS"]
[BlackCountry "USA"]
[WhiteElo "1187"]
[WhiteRD "52"]
[BlackElo "1608"]
[BlackRD "61"]
[GameID "725730"]

1. e3 d5 2. Nc3 Nf6 3. Nge2 e5 4. d4 Nc6 5. a3 exd4 6. Nxd4 Bd7 7. Bd3 a6 8. e4 Nxd4 9. Ne2 Bc5 10. b4 Ba7
11. Nf4 O-O 12. Be3 dxe4 13. Bxd4 Bxd4 14. Rb1 exd3 15. cxd3 Re8+ 16. Ne2 Bb5 17. O-O Bb6 18. Rb3 Ba4 19. Nf4 Bxb3 20. Qxb3 Qd6
21. Nh3 Rad8 22. Rd1 Qd4 23. Rf1 Re2 24. Qd1 Qxd3 25. Qxd3 Rxd3 26. g3 Rxa3 27. Kg2 Rb2 28. Rd1 g6 29. Rd8+ Kg7 30. Rb8 Ng4
31. Re8 Rxb4 32. Re2 Nf6 33. Kg1 Ra1+ 34. Kg2 Re4 35. Rc2 Rae1 36. Ra2 R4e2 37. Ra3 Rc1 38. Rf3 Rcc2 39. Kf1 Ne4 40. Ng1 Rxf2+
41. Rxf2 Rxf2+ 42. Ke1 Rxh2 43. Nf3 Rf2 44. Ng5 Nxg5 45. g4 h5
0-1

[Event "FH 6"]
[Site "SchemingMind.com"]
[Date "2022.08.05"]
[Round "-"]
[White "Transcendent"]
[Black "kenneth m day"]
[Result "1-0"]
[WhiteCountry "ENG"]
[BlackCountry "USA"]
[WhiteElo "2171"]
[WhiteRD "74"]
[BlackElo "1620"]
[BlackRD "62"]
[GameID "725731"]

1. d4 Nf6 2. c4 e5 3. dxe5 Ng4 4. Bf4 Nc6 5. Nf3 Be7 6. h3 Nh6 7. Nc3 O-O 8. e3 Nf5 9. Qc2 d6 10. O-O-O Be6
11. a3 Qc8 12. exd6 Nxd6 13. Nd5 Qd7 14. g4 Nd8 15. Ne5 Qe8 16. Nxc7 f6 17. Nxe8 Rxe8 18. Nf3 N6f7 19. Bd3 g6 20. Bxg6 hxg6
21. Qxg6+ Kf8 22. Nh4 Bxc4 23. Qh7 Ne5 24. Nf5 Ndf7 25. Qg7#
1-0

[Event "FH 6"]
[Site "SchemingMind.com"]
[Date "2022.08.03"]
[Round "-"]
[White "krzysztof"]
[Black "kenneth m day"]
[Result "1-0"]
[WhiteCountry "POL"]
[BlackCountry "USA"]
[WhiteElo "1532"]
[WhiteRD "84"]
[BlackElo "1608"]
[BlackRD "61"]
[GameID "725732"]

1. Na3 d5 2. c4 d4 3. d3 Nf6 4. Nf3 Nc6 5. Bf4 e5 6. Nxe5 Bd6 7. Nxc6 bxc6 8. g3 O-O 9. Bg2 Re8 10. Bxc6 Bd7
11. Bf3 Rb8 12. Rb1 Bxf4 13. gxf4 c5 14. Nc2 Bh3 15. e3 dxe3 16. Nxe3 Qa5+ 17. Qd2 Qxa2 18. Ke2 Qb3 19. Qc3 Qb6 20. Rhg1 Qe6
21. Bd5 Qd6 22. Rg3 Bd7 23. Rbg1 g6 24. Rxg6+ hxg6 25. Rxg6+ Kf8 26. Rxf6 Be6 27. f5 Qxh2 28. fxe6 Qh5+ 29. Bf3 Qh7 30. Rxf7+ Qxf7
31. exf7 Kxf7 32. Bh5+
1-0

[Event "FH 6"]
[Site "SchemingMind.com"]
[Date "2022.08.03"]
[Round "-"]
[White "Chessibelle"]
[Black "kenneth m day"]
[Result "0-1"]
[WhiteCountry "ENG"]
[BlackCountry "USA"]
[WhiteElo "1185"]
[WhiteRD "67"]
[BlackElo "1608"]
[BlackRD "61"]
[GameID "725733"]

1. Nf3 Nf6 2. h3 d5 3. d4 g6 4. e3 Bg7 5. Nh2 O-O 6. Be2 Bf5 7. a3 Re8 8. f3 e5 9. O-O Nc6 10. c3 exd4
11. cxd4 Nh5 12. g4 Ng3 13. Re1 Bd7 14. Nc3 Be6 15. Bb5 Qd6 16. Bd3 f5 17. f4 fxg4 18. Nxg4 Qe7 19. Qf3 Nf5 20. Ne2 Nh4
21. Qg3 Nf5 22. Qf3 Qh4 23. Rf1 h5 24. Nh2 Nd6 25. Ng3 Bxh3 26. Rf2 Ne4 27. Rc2 Nxg3 28. Qxd5+ Be6 29. Qf3 Rad8 30. Bxg6 Rf8
31. Bd2 Bd5 32. e4 Bf7 33. f5 Bxg6 34. Qb3+ Bf7 35. d5 Nd4 36. Qc3 Nde2+
0-1

[Event "FH 6"]
[Site "SchemingMind.com"]
[Date "2022.08.03"]
[Round "-"]
[White "kenneth m day"]
[Black "JAHI"]
[Result "0-1"]
[WhiteCountry "USA"]
[BlackCountry "INT"]
[WhiteElo "1620"]
[WhiteRD "62"]
[BlackElo "2179"]
[BlackRD "69"]
[GameID "725734"]

1. e4 a6 2. Nf3 d6 3. d4 Bg4 4. Be2 Bxf3 5. Bxf3 Nd7 6. Nc3 g6 7. Be3 Bg7 8. O-O Kf8 9. Re1 e6 10. Rc1 h6
11. Re2 Ne7 12. Rd2 g5 13. Bh5 d5 14. exd5 exd5 15. Qf3 Nf6 16. Bg4 h5 17. Bf5 g4 18. Qf4 Ng6 19. Bxg6 fxg6 20. Qe5 Qd7
21. Qf4 h4 22. h3 gxh3 23. gxh3 Qxh3 24. Qh2 Qd7 25. Bf4 Kg8 26. Bxc7 Bh6 27. Rcd1 Bxd2 28. Rxd2 Rf8 29. Be5 Ng4 30. Qg2 h3
31. Qg3 h2+ 32. Kh1 Rh3 33. Qg2 Rhf3 34. Bg3 Ne3 35. fxe3 Rf1+ 36. Kxh2 Qh7+ 37. Qh3 Rh1+
0-1

[Event "FH 6"]
[Site "SchemingMind.com"]
[Date "2022.08.05"]
[Round "-"]
[White "Arnold Jones"]
[Black "kenneth m day"]
[Result "0-1"]
[WhiteCountry "ENG"]
[BlackCountry "USA"]
[WhiteElo "1531"]
[WhiteRD "63"]
[BlackElo "1566"]
[BlackRD "65"]
[GameID "725735"]

1. d4 Nf6 2. c4 e5 3. dxe5 Ng4 4. Qd4 d6 5. e4 Nc6 6. Qd2 Ngxe5 7. f4 Ng4 8. Nf3 Be7 9. h3 Bh4+ 10. Nxh4 Qxh4+
11. Ke2 Nf2 12. Rg1 Nxe4 13. Qe3 Bf5 14. Nd2 Qe7 15. Nxe4 Bxe4 16. g3 O-O-O 17. Bg2 Rhe8 18. Qxe4 Qxe4+ 19. Bxe4 Rxe4+ 20. Kf3 Rde8
21. b3 Nd4+ 22. Kg4 Ne2 23. Rg2 Nxc1 24. Rxc1 Re2 25. Rxe2 Rxe2 26. a4 Rb2 27. Rc3 Kd7 28. Kf3 Rb1 29. f5 Ra1 30. Re3 Ra3
31. h4 Ra2 32. g4 Rd2 33. g5 c6 34. f6 gxf6 35. gxf6 Rd4 36. Kg3 h5 37. Re7+ Kd8 38. Rxf7 Rd3+ 39. Kf4 Rxb3 40. Kg5 Ke8
41. Rh7 Kf8 42. Kxh5 Rb4 43. Kh6 Rxc4 44. h5 Rg4 45. Rxb7 Rxa4 46. Kh7 Rg4 47. Rxa7 d5 48. f7 Rg7+ 49. Kh6 Rxf7 50. Ra8+ Ke7
51. Ra6 Kd6 52. Kg6 Re7 53. h6 d4 54. Ra1 c5 55. Rg1 d3 56. h7 Rxh7 57. Kxh7 Kd5 58. Kg6 Kd4 59. Kf5 d2 60. Kf4 Kd3
61. Ke5 c4 62. Rd1 c3
0-1

[Event "FH 6"]
[Site "SchemingMind.com"]
[Date "2022.08.03"]
[Round "-"]
[White "kenneth m day"]
[Black "Mahlon Miller"]
[Result "1-0"]
[WhiteCountry "USA"]
[BlackCountry "USA"]
[WhiteElo "1568"]
[WhiteRD "64"]
[BlackElo "1000"]
[BlackRD "147"]
[GameID "725736"]

1. e4 d6 2. d4 Nf6 3. Nc3 g6 4. Nf3 Bg7 5. h3 O-O 6. Bd3 e5 7. O-O exd4 8. Nxd4 Ne8 9. Be3 f5 10. exf5 Nf6
11. fxg6 Nc6 12. gxh7+ Nxh7 13. Qh5 Bf5 14. Bxf5 Nf6 15. Be6+
1-0

[Event "FH 6"]
[Site "SchemingMind.com"]
[Date "2022.08.03"]
[Round "-"]
[White "krzysztof"]
[Black "malcolm chugg"]
[Result "1-0"]
[WhiteCountry "POL"]
[BlackCountry "WLS"]
[WhiteElo "1515"]
[WhiteRD "81"]
[BlackElo "1215"]
[BlackRD "55"]
[GameID "725737"]

1. Na3 e5 2. b3 d5 3. d4 e4 4. e3 Bd7 5. c3 Bd6 6. Nb5 Bxb5 7. Bxb5+ c6 8. Be2 Nf6 9. h3 Nbd7 10. f3 O-O
11. f4 Qa5 12. Bd2 b5 13. a4 b4 14. c4 Rac8 15. c5 Be7 16. Bg4 Rfe8 17. h4 g6 18. Nh3 Nxg4 19. Qxg4 Nf6 20. Qe2 Nh5
21. Qf2 Rcd8 22. g4 Ng7 23. Ng1 Bf8 24. h5 Re6 25. Nh3 f6 26. hxg6 hxg6 27. f5 Re7 28. fxg6 Qc7 29. Nf4 a5 30. Qh4 Nh5
31. Qxh5
1-0

[Event "FH 6"]
[Site "SchemingMind.com"]
[Date "2022.08.03"]
[Round "-"]
[White "JAHI"]
[Black "krzysztof"]
[Result "1-0"]
[WhiteCountry "INT"]
[BlackCountry "POL"]
[WhiteElo "2157"]
[WhiteRD "69"]
[BlackElo "1532"]
[BlackRD "84"]
[GameID "725738"]

1. f3 e6 2. f4 Nh6 3. Nf3 Nc6 4. g3 f5 5. Bg2 d5 6. Kf1 Ng4 7. h3 Nf6 8. e3 Ne4 9. Qe1 Nb4 10. Na3 b6
11. d3 Ba6 12. Kg1 Nf6 13. Bd2 c5 14. Bxb4 cxb4 15. Nb1 Bd6 16. a3 b3 17. Qc3 bxc2 18. Qxc2 Nd7 19. Qc6 Ke7 20. Qc2 Rc8
21. Nc3 h6 22. Rh2 Nc5 23. Bf1 b5 24. Qd1 Qb6 25. Nh4 Kd7 26. d4 Ne4 27. Nxe4 dxe4 28. a4 b4 29. Qh5 Be7 30. Ng6 Rhe8
31. Ne5+ Kc7 32. Rc2+ Kb7 33. Rc6 Qxc6 34. Nxc6 Bxf1 35. Ne5 Ba6 36. Qf7 Ka8 37. Nc6 Rxc6 38. Qxe8+ Rc8 39. Qxe7 Bc4 40. a5 a6
41. Rc1 Kb8 42. Qd6+ Rc7 43. Rxc4 b3 44. Rxc7 Ka8 45. Qd8#
1-0

[Event "FH 6"]
[Site "SchemingMind.com"]
[Date "2022.08.05"]
[Round "-"]
[White "krzysztof"]
[Black "Arnold Jones"]
[Result "0-1"]
[WhiteCountry "POL"]
[BlackCountry "ENG"]
[WhiteElo "1515"]
[WhiteRD "81"]
[BlackElo "1582"]
[BlackRD "59"]
[GameID "725739"]

1. Na3 d5 2. c4 d4 3. d3 e5 4. Bd2 c5 5. e3 dxe3 6. Bxe3 Nf6 7. Be2 Bd7 8. b3 Qa5+ 9. Bd2 Qxa3 10. Nf3 Bd6
11. O-O Nc6 12. Re1 O-O-O 13. Ng5 Rdf8 14. Bf3 h6 15. Ne4 Nxe4 16. Bxe4 Nd4 17. Bc3 f5 18. Bd5 g6 19. Qd2 f4 20. Be4 g5
21. f3 Nc6 22. Bb2 Qa6 23. a4 Na5 24. Ra3 Qb6 25. Qc3 Qc7 26. Bc1 h5 27. Bd2 b6 28. Qc1 Be8 29. Bxa5 bxa5 30. Qd2 g4
31. fxg4 hxg4 32. Ra2 Qb6 33. Qd1 Bh5 34. Qc2 Qd8 35. g3 fxg3 36. hxg3 Rf6 37. Bh1 Bg6 38. Qg2 e4 39. dxe4 Be5 40. Rd2 Bd4+
41. Rxd4 Qxd4+ 42. Qf2 Qxf2#
0-1

[Event "FH 6"]
[Site "SchemingMind.com"]
[Date "2022.08.03"]
[Round "-"]
[White "Chessibelle"]
[Black "malcolm chugg"]
[Result "0-1"]
[WhiteCountry "ENG"]
[BlackCountry "WLS"]
[WhiteElo "1131"]
[WhiteRD "69"]
[BlackElo "1215"]
[BlackRD "55"]
[GameID "725740"]

1. Nf3 b6 2. d4 Bb7 3. e3 f5 4. g3 d6 5. Nc3 e6 6. Be2 Be7 7. O-O Bc6 8. a3 g5 9. b4 g4 10. Bd2 gxf3
11. Bxf3 Bxf3 12. Qxf3 d5 13. Qh5+ Kd7 14. f4 Nf6 15. a4 Nxh5
0-1

[Event "FH 6"]
[Site "SchemingMind.com"]
[Date "2022.08.03"]
[Round "-"]
[White "Chessibelle"]
[Black "krzysztof"]
[Result "0-1"]
[WhiteCountry "ENG"]
[BlackCountry "POL"]
[WhiteElo "1131"]
[WhiteRD "69"]
[BlackElo "1515"]
[BlackRD "81"]
[GameID "725741"]

1. Nf3 d6 2. d4 Nf6 3. g3 h6 4. e3 Bg4 5. Be2 Nc6 6. O-O Bh3 7. Re1 Ne4 8. b3 e6 9. Bb2 d5 10. Nbd2 Bb4
11. Qc1 f5 12. Nh4 Ne7 13. c3 Bd6 14. f4 h5 15. a3 g6 16. Ng2 Ng8 17. Bf1 Ngf6 18. c4 c6 19. b4 b6 20. c5 bxc5
21. Be2 c4 22. Bc3 Ng4 23. Nh4 Kf7 24. Qc2 Nxe3 25. Qc1 Be7 26. Nxe4 Bxh4 27. Qxe3 Be7 28. Bf3 fxe4 29. Bh1 Bf5 30. Kg2 h4
31. Kf2 hxg3+ 32. Qxg3 Bh4
0-1

[Event "FH 6"]
[Site "SchemingMind.com"]
[Date "2022.08.03"]
[Round "-"]
[White "JAHI"]
[Black "Chessibelle"]
[Result "1-0"]
[WhiteCountry "INT"]
[BlackCountry "ENG"]
[WhiteElo "2171"]
[WhiteRD "69"]
[BlackElo "1131"]
[BlackRD "69"]
[GameID "725742"]

1. f3 e5 2. g3 d6 3. Bg2 Nf6 4. Kf1 Nc6 5. f4 Bd7 6. d3 g6 7. Nc3 Be7 8. e3 b6 9. h3 O-O 10. h4 h5
11. a3 Bg4 12. Nf3 d5 13. Qe1 Bf5 14. Nxe5 Nxe5 15. fxe5 Ng4 16. Nxd5 Rc8 17. e4 Bc5 18. exf5 c6 19. Nf4 Qd4 20. c3 Qd8
21. d4 Be7 22. Qe4 Kg7 23. fxg6 f6 24. Nxh5+ Kh8 25. Qxg4 f5 26. g7+ Kg8 27. gxf8=Q+ Kxf8 28. Qxf5+ Ke8 29. Ng7#
1-0

[Event "FH 6"]
[Site "SchemingMind.com"]
[Date "2022.08.05"]
[Round "-"]
[White "Chessibelle"]
[Black "Arnold Jones"]
[Result "0-1"]
[WhiteCountry "ENG"]
[BlackCountry "ENG"]
[WhiteElo "1131"]
[WhiteRD "69"]
[BlackElo "1582"]
[BlackRD "59"]
[GameID "725743"]

1. Nf3 Nc6 2. d4 d5 3. e3 Bg4 4. Be2 Nf6 5. O-O Bxf3 6. Bxf3 e6 7. b3 Be7 8. g3 Qd7 9. Bg2 O-O-O 10. Nd2 Bb4
11. Nf3 Bc3 12. Rb1 e5 13. a3 Rhe8 14. Qd3 Ne4 15. h4 exd4 16. Ng5 Ne5 17. Qe2 Nxg5 18. hxg5 Qe7 19. f4 Nc6 20. Qf2 dxe3
21. Qe2 Nd4 22. Bh3+ Kb8 23. Qd3 Qc5 24. b4 Qc4 25. Qxh7 e2 26. Rf2 e1=Q+ 27. Kg2 Qxf2+ 28. Kh1 Re1+
0-1

[Event "FH 6"]
[Site "SchemingMind.com"]
[Date "2022.08.03"]
[Round "-"]
[White "Mahlon Miller"]
[Black "Chessibelle"]
[Result "0-1"]
[WhiteCountry "USA"]
[BlackCountry "ENG"]
[WhiteElo "1000"]
[WhiteRD "147"]
[BlackElo "1069"]
[BlackRD "62"]
[GameID "725744"]

1. e4 e5 2. Nf3 Nc6 3. Bc4 h6 4. Nc3 b6 5. O-O Nf6 6. Nd5 Nxe4 7. d3 Nd6 8. Be3 g5 9. Qe2 Bg7 10. Nd2 Ne7
11. Ne4 O-O
0-1

[Event "FH 6"]
[Site "SchemingMind.com"]
[Date "2022.08.03"]
[Round "-"]
[White "malcolm chugg"]
[Black "JAHI"]
[Result "0-1"]
[WhiteCountry "WLS"]
[BlackCountry "INT"]
[WhiteElo "1187"]
[WhiteRD "52"]
[BlackElo "2157"]
[BlackRD "69"]
[GameID "725745"]

1. e3 a6 2. d4 g6 3. Nc3 Bg7 4. Bc4 Kf8 5. Qf3 e6 6. Bd2 d6 7. O-O-O Nc6 8. Be1 h6 9. d5 Ne5 10. Qe2 Nxc4
11. Qxc4 Ne7 12. Kb1 exd5 13. Nxd5 Be6 14. Qxc7 Bxd5 15. Qxd8+ Rxd8 16. f3 Bc6 17. e4 f6 18. Ne2 f5 19. Nd4 Kf7 20. exf5 Nxf5
21. Nxc6 bxc6 22. Bb4 Rb8 23. a3 a5 24. Bd2 Rxb2+ 25. Ka1 Rhb8 26. Bxa5 Rb1+ 27. Ka2 R8b2#
0-1